|
|
|
|
| LEADER |
00752nas a2200205 i 4500 |
| 001 |
acta35125 |
| 005 |
20200729131539.0 |
| 008 |
161017s2014 hu o 0|| eng d |
| 022 |
|
|
|a 1417-3875
|
| 024 |
7 |
|
|a http://dx.doi.org/10.14232/ejqtde.2014.1.30
|2 doi
|
| 040 |
|
|
|a SZTE Egyetemi Kiadványok Repozitórium
|b hun
|
| 041 |
|
|
|a eng
|
| 100 |
1 |
|
|a Saierli Olivia
|
| 245 |
1 |
0 |
|a Spectral characterizations for Hyers–Ulam stability
|h [elektronikus dokumentum] /
|c Saierli Olivia
|
| 260 |
|
|
|c 2014
|
| 300 |
|
|
|a 1-14
|
| 490 |
0 |
|
|a Electronic journal of qualitative theory of differential equations
|
| 695 |
|
|
|a Differenciálegyenlet
|
| 700 |
0 |
1 |
|a Tabassum Afshan
|e aut
|
| 856 |
4 |
0 |
|u http://acta.bibl.u-szeged.hu/35125/1/ejqtde_2014_030_001-014.pdf
|z Dokumentum-elérés
|